| 000 | 01312cam a22003374a 4500 | ||
|---|---|---|---|
| 001 | 11794478 | ||
| 005 | 20001019092803.0 | ||
| 008 | 990924s2001 nyua b 001 0 eng | ||
| 010 | _a 99049461 | ||
| 020 | _a0273721380 | ||
| 020 | _a9780273721383 | ||
| 040 |
_aDLC _cDLC _dDLC |
||
| 042 | _apcc | ||
| 043 | _ae------ | ||
| 050 | 0 | 0 |
_aHF5415.123 _b.P45 2001 |
| 082 | 0 | 0 |
_a658.802 _222 _bPEL |
| 100 | 1 |
_aPelsmacker, Patrick de, _d1957- _927467 |
|
| 245 | 1 | 0 |
_aMarketing Communications / _cPatrick De Pelsmacker, Maggie Geuens, Joeri van den Bergh. |
| 250 | _a4th ed. | ||
| 260 |
_aNew York : _bFinancial Times/Prentice Hall, 2010 _c2010 |
||
| 300 |
_a660 p. : _bill. ; _c25 cm. |
||
| 504 | _aIncludes bibliographical references and indexes. | ||
| 650 | 0 |
_aCommunication in marketing _zEurope. _927468 |
|
| 650 | 0 |
_aAdvertising. _927469 |
|
| 653 |
_bBus _cOctober2011 |
||
| 700 | 1 |
_aGeuens, Maggie, _d1969- _927470 |
|
| 700 | 1 |
_aBergh, Joeri van den, _d1971- _927471 |
|
| 942 |
_2ddc _cBB |
||
| 999 |
_c16125 _d16125 |
||